Pokémon de monotype acier - Statistiques

Statistiques générales
  • Ce quiz a été pris 34 fois
  • Le résultat moyen est 8 sur 13
Statistiques - réponses
Hint Réponse % Correct
600 Clic
83%
599 Tic
83%
601 Cliticlic
78%
493 Arceus
74%
863 Berserkatt
61%
052 Miaouss de galar
61%
379 Registeel
61%
773 Silvallié
57%
809 Melmetal
52%
808 Meltan
52%
878 Charibari
43%
879 Pachyradjah
43%
306 Méga-Galeking
39%
Aucun quiz correspondant
Distribution des résultats
% des personnes avec chaque résultat
Percentile par nombre de réponses
Votre historique - résultats
Vous n’avez pas pris ce quiz